01069nam a2200313 a 450000100100000000500170001000800410002704000250006808200180009324500590011126000350017030000360020550400320024165000380027365000330031165000470034465000580039165000360044970000170048570000190050270000210052170000260054270000170056870000250058570000230061070000180063370000230065171000810067400002547720250207130002.0110217s1987 dr ad 000 0 spa d aDO-SdBNPbspacBNPHU a305.42bM953r03aLa mujer rural dominicana /cFrancis Pou ... [et. al]. aSanto Domingo :bCIPAF,c1987. a241 p. :bil., tabls. ;c21 cm. aBibliografía: p. 233-241. 0aMujeres en República Dominicana 0aMujeres en desarrollo rural  4aMujeres campesinaszRepública Dominicana 4aMujereszRepública DominicanaxCondiciones sociales 4aMujeres en el desarrollo social1 aPou, Francis1 aArango, Amparo1 aDottin, Milagros1 aFernández, Brinella1 aGrant, Lidia1 aHernández, Pastora1 aLizardo, Magdalena1 aMones, Belkis1 aRosado, Altagracia2 aCentro de Investigación para la Acción Femenina (República Dominicana)